header

Strategic plan for NIOSH nanotechnology research and guidance (Record no. 76191)

MARC details
000 -LEADER
fixed length control field 01454nam a2200361Ia 4500
082 04 - DEWEY DECIMAL CLASSIFICATION NUMBER
Classification number 363.1196205
245 00 - TITLE STATEMENT
Title Strategic plan for NIOSH nanotechnology research and guidance
260 ## - PUBLICATION, DISTRIBUTION, ETC. (IMPRINT)
Place of publication New York :
Name of publisher Nova Science,
Year of publication c2009.
300 ## - PHYSICAL DESCRIPTION
Number of Pages 141 p.
500 ## - GENERAL NOTE
General note Includes index.
650 #0 - SUBJECT ADDED ENTRY--TOPICAL TERM
Topical Term Nanotechnology
Topical Term High technology.
700 1# - ADDED ENTRY--PERSONAL NAME
Personal name Lang, Martin W.
856 40 - ELECTRONIC LOCATION AND ACCESS
Uniform Resource Identifier http://site.ebrary.com/lib/rucke/Doc?id=10654895

No items available.

© 2026 Rongo University
Contact us: librarian | system librarian | Rongo university